000 00671nam a22002057a 4500
003 BUBTL
008 210928b ||||| |||| 00| 0 eng d
020 _a978-984-8792-50-6
082 _a346.066 / I37l / 2015
100 _94227
_aIshtiak, Kamruzzaman
245 _aLectures on Company Law /
_c Kamruzzaman Ishtiak, Shahida Sultana and Mohammad Jaman Khan
250 _a1st ed.
260 _aDhaka
_bShams Publications
_cc2015
300 _a570 p. :
_c21 cm.
650 0 _926
_aLaw
700 _94228
_a Kamruzzaman Ishtiak, Shahida Sultana and Mohammad Jaman Khan
856 _k0
_l0
_yDownload
942 _2ddc
_cBK
999 _c6544
_d6544